Circuits Moto GP - Statistiques

Statistiques générales
  • Ce quiz a été pris 338 fois
  • Le résultat moyen est 18 sur 37
Statistiques - réponses
GP de/du Circuits % Correct
France Bugatti
90%
Italie Mugello
76%
Silverstone
73%
Catalogne Catalunya
72%
Espagne Jerez
72%
Qatar Losail
67%
Doha Losail
67%
Portimao
66%
Algarve Portimao
66%
Pays-Bas Assen
63%
Amériques Austin
63%
Valence Ricardo Tormo
60%
Europe Ricardo Tormo
60%
Japon Suzuka
60%
Aragon Motorland
52%
Teruel Motorland
52%
Australie Phillip Island
52%
Autriche Red Bull Ring
49%
Malaisie Sepang
49%
Motegi
47%
Pacifique Motegi
47%
République Tchèque Brno
46%
Saint Marin Misano
46%
Emilie Romagne Misano
46%
Allemagne Sachsenring
45%
Indianapolis Indianapolis
31%
Argentine Termas de Rio Hondo
28%
Indonésie Mandalika
27%
Turquie Istanbul
26%
USA Laguna Seca
26%
Chine Shanghai
26%
Portugal Estoril
25%
Inde Buddh
24%
Rio de Janeiro Rio
21%
Grande-Bretagne Donington
19%
Kazakhstan Sokol
16%
Afrique du Sud Phakisa
6%
Aucun quiz correspondant
Distribution des résultats
% des personnes avec chaque résultat
Percentile par nombre de réponses
Votre historique - résultats
Vous n’avez pas pris ce quiz